000 01183nam0a2200361 4500
001 RU\NLR\bibl\360576
005 20250621160509.0
010 _a5-88869-134-8
_95000
021 _aRU
_b2002-57478
_92793
035 _a(NLR Aleph) 000355191
090 _a300903
_c300903
100 _a20030128d2002 |||y0rusy50 ca
101 1 _arus
_ceng
102 _aRU
105 _ay |||||||||
200 1 _aМужчина и женщина
_eПер. с англ.
_fЛэрри Крабб
210 _aСПб.
_cМирт
_d2002
215 _a202,[1] с.
_d21
320 _aБиблиогр. в примеч.: с. 201-202
606 0 _aСемья и брак
_xРелигиозная концепция
_92104654
_3RU\NLR\auth\661272494
610 0 _aСемья и брак - Психологические основы
675 _a316.356.2-029:27
_v3
_zrus
686 _a04
_2rugasnti
686 _a86.37+60.56
_2rubbk
686 _aЭ376-113.2
700 1 _aКрабб
_bЛ.
_gЛэрри
_4070
801 0 _aRU
_bRKP
_c20030128
_gPSBO
801 1 _aRU
_bRKP
_c20030128
801 2 _aRU
_bNLR
_c20030305
_grcr
942 _cBOOK
980 _aNB